<?xml version="1.0" encoding="UTF-8"?>
<record
    xmlns:xsi="http://www.w3.org/2001/XMLSchema-instance"
    xsi:schemaLocation="http://www.loc.gov/MARC21/slim http://www.loc.gov/standards/marcxml/schema/MARC21slim.xsd"
    xmlns="http://www.loc.gov/MARC21/slim">

  <leader>00451nam a22001697a 4500</leader>
  <controlfield tag="005">20230117104817.0</controlfield>
  <controlfield tag="008">220215b           ||||| |||| 00| 0 eng d</controlfield>
  <datafield tag="020" ind1=" " ind2=" ">
    <subfield code="a">9789352301973</subfield>
  </datafield>
  <datafield tag="041" ind1=" " ind2=" ">
    <subfield code="a">eng</subfield>
  </datafield>
  <datafield tag="082" ind1=" " ind2=" ">
    <subfield code="a">615.19</subfield>
    <subfield code="b">NAD-P</subfield>
  </datafield>
  <datafield tag="100" ind1=" " ind2=" ">
    <subfield code="a">NADENDLA ,RAMA RAO</subfield>
    <subfield code="9">7109</subfield>
  </datafield>
  <datafield tag="245" ind1=" " ind2=" ">
    <subfield code="a">PRINCIPLES OF PHARMACEUTICAL ORGANIC CHEMISTRY</subfield>
  </datafield>
  <datafield tag="260" ind1=" " ind2=" ">
    <subfield code="a">HYDRABAD</subfield>
    <subfield code="b">PHARMA MED PRESS</subfield>
    <subfield code="c">2018</subfield>
  </datafield>
  <datafield tag="300" ind1=" " ind2=" ">
    <subfield code="a">425;P.</subfield>
  </datafield>
  <datafield tag="650" ind1=" " ind2=" ">
    <subfield code="a">PHARMACY</subfield>
    <subfield code="x">B.PHARMA</subfield>
    <subfield code="9">7083</subfield>
  </datafield>
  <datafield tag="942" ind1=" " ind2=" ">
    <subfield code="c">BK</subfield>
  </datafield>
  <datafield tag="999" ind1=" " ind2=" ">
    <subfield code="c">7938</subfield>
    <subfield code="d">7936</subfield>
  </datafield>
  <datafield tag="952" ind1=" " ind2=" ">
    <subfield code="0">0</subfield>
    <subfield code="1">0</subfield>
    <subfield code="4">0</subfield>
    <subfield code="7">0</subfield>
    <subfield code="8">REF</subfield>
    <subfield code="a">JRU</subfield>
    <subfield code="b">JRU</subfield>
    <subfield code="c">SHELF - 10 - A</subfield>
    <subfield code="d">2022-02-15</subfield>
    <subfield code="e">PURCHASE</subfield>
    <subfield code="g">595.00</subfield>
    <subfield code="l">1</subfield>
    <subfield code="o">615.19</subfield>
    <subfield code="p">26461</subfield>
    <subfield code="r">2022-07-12 00:00:00</subfield>
    <subfield code="s">2022-07-12</subfield>
    <subfield code="w">2022-02-15</subfield>
    <subfield code="y">BK</subfield>
  </datafield>
  <datafield tag="952" ind1=" " ind2=" ">
    <subfield code="0">0</subfield>
    <subfield code="1">0</subfield>
    <subfield code="4">0</subfield>
    <subfield code="7">0</subfield>
    <subfield code="8">PHARMACY</subfield>
    <subfield code="a">JRU</subfield>
    <subfield code="b">JRU</subfield>
    <subfield code="c">SHELF-17-D</subfield>
    <subfield code="d">2022-02-15</subfield>
    <subfield code="e">PURCHASE</subfield>
    <subfield code="g">595.00</subfield>
    <subfield code="l">3</subfield>
    <subfield code="m">3</subfield>
    <subfield code="o">615.19</subfield>
    <subfield code="p">26462</subfield>
    <subfield code="r">2022-06-28 00:00:00</subfield>
    <subfield code="s">2022-06-16</subfield>
    <subfield code="w">2022-02-15</subfield>
    <subfield code="y">BK</subfield>
  </datafield>
  <datafield tag="952" ind1=" " ind2=" ">
    <subfield code="0">0</subfield>
    <subfield code="1">0</subfield>
    <subfield code="4">0</subfield>
    <subfield code="7">0</subfield>
    <subfield code="8">PHARMACY</subfield>
    <subfield code="a">JRU</subfield>
    <subfield code="b">JRU</subfield>
    <subfield code="c">SHELF-17-D</subfield>
    <subfield code="d">2022-02-15</subfield>
    <subfield code="e">PURCHASE</subfield>
    <subfield code="g">595.00</subfield>
    <subfield code="l">6</subfield>
    <subfield code="m">2</subfield>
    <subfield code="o">615.19</subfield>
    <subfield code="p">26463</subfield>
    <subfield code="r">2025-03-05 15:46:14</subfield>
    <subfield code="s">2025-02-19</subfield>
    <subfield code="w">2022-02-15</subfield>
    <subfield code="y">BK</subfield>
  </datafield>
  <datafield tag="952" ind1=" " ind2=" ">
    <subfield code="0">0</subfield>
    <subfield code="1">0</subfield>
    <subfield code="4">0</subfield>
    <subfield code="7">0</subfield>
    <subfield code="8">PHARMACY</subfield>
    <subfield code="a">JRU</subfield>
    <subfield code="b">JRU</subfield>
    <subfield code="c">SHELF-17-D</subfield>
    <subfield code="d">2022-02-15</subfield>
    <subfield code="e">PURCHASE</subfield>
    <subfield code="g">595.00</subfield>
    <subfield code="l">2</subfield>
    <subfield code="m">1</subfield>
    <subfield code="o">615.19</subfield>
    <subfield code="p">26464</subfield>
    <subfield code="r">2022-08-05 00:00:00</subfield>
    <subfield code="s">2022-07-12</subfield>
    <subfield code="w">2022-02-15</subfield>
    <subfield code="y">BK</subfield>
  </datafield>
  <datafield tag="952" ind1=" " ind2=" ">
    <subfield code="0">0</subfield>
    <subfield code="1">0</subfield>
    <subfield code="4">0</subfield>
    <subfield code="7">0</subfield>
    <subfield code="8">PHARMACY</subfield>
    <subfield code="a">JRU</subfield>
    <subfield code="b">JRU</subfield>
    <subfield code="c">SHELF-17-D</subfield>
    <subfield code="d">2022-02-15</subfield>
    <subfield code="e">PURCHASE</subfield>
    <subfield code="g">595.00</subfield>
    <subfield code="l">4</subfield>
    <subfield code="m">2</subfield>
    <subfield code="o">615.19</subfield>
    <subfield code="p">26465</subfield>
    <subfield code="r">2025-04-24 13:58:58</subfield>
    <subfield code="s">2025-04-11</subfield>
    <subfield code="w">2022-02-15</subfield>
    <subfield code="y">BK</subfield>
  </datafield>
</record>
